000
00333 a2200157 4500
001
58362
020
_a
850800012X
040
_c
Anchieta - Pituba
100
_a
Azevedo, Aluísio
240
1
0
_a
Casa de pensão
_l
por
245
1
0
_a
Casa de pensão
300
_a
192
362
0
_a
1991
650
4
_a
Ficção brasileira
942
_c
BK
999
_c
58362
_d
58362